000 00388nam a22001451a 4500
082 _aS 294.3824
_bMAH/N
245 _aNamarupa samaso/
_cedited by Mahesh Tiwari
260 _aNew Delhi:
_bPali Pariven,
_c1994.
300 _a40p.
650 _aAbhidharmapitaka
_9132818
650 _aBuddhism
_9132819
650 _aReligion
_9132820
700 _aMahesh Tiwari (ed.)
_9132821
942 _cBK
999 _c30377
_d30377